000 00364nam a2200145Ia 4500
008 230917s9999||||xx |||||||||||||| ||und||
040 _e185721
_aMAIN
041 _aEnglish
082 _a301.426 I2F
100 _aIndia
245 0 _aFamily welfare programme in India: Year book
260 _aNew Delhi
_bIndia government
_c1989
300 _a372 p.
942 _cBK
999 _c73472
_d73472